L'Escola d'Educadors Especialitzats Flor de Maig (1981 - 1991) / Maite Montagut i Antolí
Descripción Física:
21 p. ; 20 cm
Otros Autores:
Escola d'Educadors Especialitzats Flor de Maig
MARC
| LEADER | 00000nam a2200000Ia 4500 | ||
|---|---|---|---|
| 001 | 20015 | ||
| 008 | 160829s9999 xx 000 0 cat d | ||
| 080 | |a FU-11-34 | ||
| 100 | |a Montagut Antolí, Maite |9 44273 | ||
| 245 | |a L'Escola d'Educadors Especialitzats Flor de Maig (1981 - 1991) / Maite Montagut i Antolí | ||
| 260 | |a Barcelona : |b Diputació de Barcelona. Patronat Flor de Maig, [1991] | ||
| 300 | |a 21 p. ; |c 20 cm | ||
| 650 | |a Escola d'Educadors Especialitzats Flor de Maig |9 36629 | ||
| 710 | |a La Flor de Maig |9 54173 | ||
| 700 | |a Escola d'Educadors Especialitzats Flor de Maig |9 36629 | ||
| 710 | 1 | |a Barcelona (Catalunya : Província). |b Diputació |9 52408 | |
| 901 | |a Arxiu | ||
| 942 | |n 1 | ||
| 952 | |0 0 |1 0 |4 0 |6 FU1134 |7 1 |9 51870 |a Arxiu |b Arxiu |d 2016-12-01 |l 0 |o FU-11-34 |p 20015 |r 2016-12-01 00:00:00 |w 2016-12-01 |y ARXIU | ||
| 999 | |c 55716 |d 55716 | ||